| 000 | 00558nam a2200217Ia 4500 | ||
|---|---|---|---|
| 005 | 20230314135307.0 | ||
| 008 | 140110s9999 xx 000 0 und d | ||
| 020 |
_a9789381703120 _cRs.60.00 |
||
| 040 | _aLoreto College | ||
| 041 | _aEnglish | ||
| 082 |
_a491.44 _bDUT |
||
| 100 | _aDutta, Kalyani | ||
| 245 |
_aPrabadmala _cKalyani Dutta and translated by Tarun Pyne |
||
| 260 |
_aKolkata _bThima _c1999 |
||
| 300 | _a88p. | ||
| 650 | _aBengali language | ||
| 651 | _aBengali proverbs | ||
| 700 | _aPyne,Tarun,tr. | ||
| 850 | _aLCLIB | ||
| 942 | _cBK | ||
| 999 |
_c38604 _d89083 |
||